<?xml version="1.0" encoding="UTF-8"?>
<marc:record xmlns:marc="http://www.loc.gov/MARC21/slim">
   <marc:leader>00000nam a2200000 a 4500</marc:leader>
   <marc:datafield ind1="1" ind2=" " tag="100">
      <marc:subfield code="a">Domay, Erhard (Hrsg.)</marc:subfield>
      <marc:subfield code="4">aut</marc:subfield>
      <marc:subfield code="e">Verfasser/-in</marc:subfield>
   </marc:datafield>
   <marc:datafield ind1=" " ind2=" " tag="653">
      <marc:subfield code="a">Vorlesebuch</marc:subfield>
   </marc:datafield>
   <marc:datafield ind1=" " ind2=" " tag="653">
      <marc:subfield code="a">ab 6 Jahre</marc:subfield>
   </marc:datafield>
   <marc:datafield ind1=" " ind2=" " tag="653">
      <marc:subfield code="a">Geschichten</marc:subfield>
   </marc:datafield>
   <marc:datafield ind1=" " ind2=" " tag="653">
      <marc:subfield code="a">Symbole</marc:subfield>
   </marc:datafield>
   <marc:datafield ind1="0" ind2="0" tag="245">
      <marc:subfield code="a">Vorlesebuch Symbole</marc:subfield>
   </marc:datafield>
   <marc:datafield ind1="0" ind2="0" tag="245">
      <marc:subfield code="b">Geschichten zu biblischen Bildwörtern für Kinder von 6</marc:subfield>
   </marc:datafield>
   <marc:datafield ind1="0" ind2="0" tag="245">
      <marc:subfield code="c">Erhard (Hrsg.) Domay</marc:subfield>
   </marc:datafield>
   <marc:datafield ind1=" " ind2="1" tag="264">
      <marc:subfield code="a">Lahr</marc:subfield>
      <marc:subfield code="b">Kaufmann; Düsseldorf: Patmos</marc:subfield>
      <marc:subfield code="c">1989</marc:subfield>
   </marc:datafield>
   <marc:datafield ind1="1" ind2=" " tag="490">
      <marc:subfield code="a">RPA</marc:subfield>
   </marc:datafield>
   <marc:datafield ind1=" " ind2=" " tag="250">
      <marc:subfield code="a">1. Aufl.                                /(in 2 Ex.</marc:subfield>
   </marc:datafield>
   <marc:datafield ind1="1" ind2=" " tag="520">
      <marc:subfield code="a">Dieses Vorlesebuch bietet zur Verwendung in  Schule und Gemeinde eine Sammlung von einfach  erzählten Texten zu vierzig biblischen  Symbolwörtern an. Entscheidend für die  Auswahl der Symbolwörter war, daß sie der  Erfahrung von Kindern unserer Zeit zugänglich  sein müssen. Von solchen Erfahrungen handeln  die mehr als 100 Geschichten, die in fünf  Kapiteln geordent sind.&lt;br/&gt;Neben klassischen Texten bekannter Autoren  enthält das Buch viele bisher  unveröffentlichte Geschichten und solche, die  eigens für die vorliegende Sammlung  geschrieben wurden.&lt;br/&gt;Jede Geschichte ist mit einem Vorspann  versehen, der eine kurze Zusammenfassung des  Inhalts, Hinweise auf die jeweiligen  Deutungsmöglichkeiten und auf biblische  Bezüge gibt und Aufgaben zur Vorlesezeit und  zum Schwierigkeitsgrad macht. Eine allgemeine  Einführung zur Bedeutung der Symbole und  kurze Einleitungen zu den jeweiligen Kapiteln  bilden den theoretischen Rahmen.&lt;br/&gt; </marc:subfield>
   </marc:datafield>
   <marc:datafield ind1=" " ind2=" " tag="041">
      <marc:subfield code="a">ger</marc:subfield>
   </marc:datafield>
   <marc:datafield ind1="1" ind2=" " tag="521">
      <marc:subfield code="a">0</marc:subfield>
   </marc:datafield>
   <marc:datafield ind1=" " ind2=" " tag="300">
      <marc:subfield code="a">277 S.</marc:subfield>
   </marc:datafield>
</marc:record>
